|
|
|
|
| LEADER |
00000nab a2200000uu 4500 |
| 001 |
vtls011487362 |
| 003 |
SK-MaSNL |
| 005 |
20260303113615.0 |
| 008 |
230121|2008 xo |||||||||||||||||cze| |
| 015 |
|
|
|a SNBRB
|
| 035 |
|
|
|a (urnnbn)urn:nbn:sk:snk:ar-007b9n
|
| 035 |
|
|
|a (uuid)7fca3d4b-dc41-479e-957a-b90e891bdad1
|
| 035 |
|
|
|a urn:nbn:sk:snk-abdda4
|
| 040 |
|
|
|a SNKBUCL
|b slo
|c SNKBUCL
|e AACR2
|
| 041 |
0 |
|
|a cze
|
| 044 |
|
|
|a xo
|c SK
|
| 100 |
1 |
|
|a Matlasová, H.
|4 aut
|9 1127428
|
| 245 |
1 |
0 |
|a FYZICKÁ AKTIVITA U PACIENTŮ S ROZTROUŠENOU SKLERÓZOU MOZKOMÍŠNÍ
|c H. Matlasová, J. Kupková
|
| 700 |
1 |
|
|a Kupková, J.
|4 aut
|9 1127429
|
| 773 |
0 |
|
|t Rehabilitácia : odborný časopis pre otázky liečebnej, pracovnej, psychosociálnej a výchovnej rehabilitácie
|g Roč. 45, č. 1 (2008), s. 11-18
|
| 954 |
|
|
|a odborná, vedecká literatúra cudzojazyčná (svetová)
|2 lita
|
| 958 |
|
|
|a OND
|
| 958 |
|
|
|a EUIPO
|
| 958 |
|
|
|a article18
|
| 999 |
|
|
|c 1893672
|d 1895602
|